Central Library OPAC University of Rajshahi

Offensive and defensive line play (Record no. 16407)

MARC details
000 -LEADER
fixed length control field 00656nam a22002291 4500
001 - CONTROL NUMBER
control field 16407
003 - CONTROL NUMBER IDENTIFIER
rucl marc code BD-RjUL
005 - DATE AND TIME OF LATEST TRANSACTION
control field 20211209000015.0
008 - FIXED-LENGTH DATA ELEMENTS--GENERAL INFORMATION
fixed length control field 010213r19691961njua 000 0 eng d
035 ## - SYSTEM CONTROL NUMBER
System control number (BD-RjUL)16462
040 ## - CATALOGING SOURCE
Original cataloging agency DLC
Transcribing agency DLC
Modifying agency DLC
-- BD-RjUL
Language of cataloging eng
041 ## - LANGUAGE CODE
Language code of text/sound track or separate title eng
082 00 - DEWEY DECIMAL CLASSIFICATION NUMBER
Classification number 796.33223
Author mark and year JOO 1969
100 1# - MAIN ENTRY--PERSONAL NAME
Personal name Jones, Gomer.
9 (RLIN) 50725
245 10 - TITLE STATEMENT
Title Offensive and defensive line play
Statement of responsibility, etc. Gomer.Jones
260 ## - PUBLICATION, DISTRIBUTION, ETC. (IMPRINT)
Place of publication, distribution, etc. Englewood Cliffs, N.J. :
Name of publisher, distributor, etc. Prentice-Hall,
Date of publication, distribution, etc. 1961 [Reprinted 1969]
300 ## - PHYSICAL DESCRIPTION
Pagination 171 p. :
Illustrations illus. ;
Size 24 cm.
650 #0 - SUBJECT ADDED ENTRY--TOPICAL TERM
Topical term or geographic name as entry element Line play (Football)
9 (RLIN) 50726
942 ## - ADDED ENTRY ELEMENTS (KOHA)
Source of classification or shelving scheme Dewey Decimal Classification
Koha item type Books
Holdings
Lost status Source of classification or shelving scheme Damaged status Not for loan Collection code Permanent Location Current Location Shelving location Date acquired Source of acquisition Cost, normal purchase price Total Checkouts Full call number Date last seen Copy number Koha item type
  Dewey Decimal Classification   Not For Loan Non-fiction Central Library, University of Rajshahi Central Library, University of Rajshahi Reading Room 21/10/1970 Swets and Zeitlinger 65.00   796.33223 JOO 1969 13/02/2014 C-1 Books